000 01221nam a2200229Ia 4500
003 OSt
005 20241009145052.0
007 ca aa aaaaa
008 201103s9999 xx 000 0 und d
040 _cSSBUL
041 _abur
082 _223
_a၂၉၄.၃၄၃၅ အောင်
_b၉၁၀၉ S-SAT
100 0 _aအောင်ကြိုင်၊ မင်းဘူး-
_917286
245 1 0 _aလက်ရာစုံစွာအာနန္ဒာ /
_cမင်းဘူးအောင်ကြိုင်။
250 _aတတိယအကြိမ်။
260 _aရန်ကုန် ၊
_bအသိုင်းအဝိုင်းစာပေ၊
_c၁၉၉၇။
300 _a၂၃၇ စာမျက်နှာ ၊
_bပုံများ ၊
_c၁၈ စင်တီ။
500 _a ၁၉၈၄ ခုနှစ်စာပေဗိမာန်စာမူဆုမြန်မာ့ယဉ်ကျေးမှုနှင့်အနုပညာဆိုင်ရာစာပေဒုတိယဆုရစာအုပ်ဖြစ်သည်။
500 _aS-SAT: Dr. Sai Aung Tun
650 _aအာနန္ဒာဘုရား
_xသမိုင်း
_954973
942 _2ddc
_cBK1
999 _c16653
_d16653